5 capitales más adivinadas por continente - Estadísticas

Estadísticas generales
  • Esta prueba ha sido intentada 8.108 veces
  • La puntuación promedio es 21 de 31
Estadísticas de respuestas
Continente Capital % Correcto
Europa Madrid
97%
Europa París
97%
Europa Berlín
92%
América del Sur Buenos Aires
92%
Europa Roma
92%
América del Norte Washington D.C.
91%
Europa Londres
90%
Asia Pekín
90%
América del Sur Brasilia
88%
Asia Tokio
88%
América del Norte Ciudad de México
87%
América del Sur Lima
80%
América del Norte Ottawa
80%
América del Sur Santiago
80%
América del Sur Caracas
79%
Oceanía Canberra
77%
África El Cairo
76%
Asia Nueva Delhi
63%
América del Norte La Habana
61%
África Rabat
61%
Oceanía Wellington
56%
África Pretoria, Ciudad del Cabo, o Bloemfontein
51%
África Argel
50%
América del Norte Ciudad de Panamá
50%
Asia Seúl
49%
África Nairobi
36%
Asia Jerusalén
29%
Oceanía Port Vila
28%
Oceanía Port Moresby
22%
Oceanía Suva
20%
Oceanía Apia
16%
No se encontraron pruebas coincidentes
Distribución de puntuación
Porcentaje de gente con cada puntuación
Porcentaje por número respondido
Historial de tus puntuaciones
No has intentado esta prueba.